000 00311nam a22001337a 4500
008 171023b xxu||||| |||| 00| 0 eng d
020 _a0131189506
041 _aeng
080 _a338
100 _a54
101 _aMEN
245 _aCASES IN PRODUCTION AND OPERATIONS MANAGEMENT
_cMEIER,R.C
942 _2udc
_cBK
999 _c35428
_d35428